ছালাতুর রাসূল (ছাঃ) / (Record no. 57504)
[ view plain ]
| 000 -LEADER | |
|---|---|
| fixed length control field | 00934nam a2200229 a 4500 |
| 001 - CONTROL NUMBER | |
| control field | 57504 |
| 003 - CONTROL NUMBER IDENTIFIER | |
| rucl marc code | BD-RjUL |
| 005 - DATE AND TIME OF LATEST TRANSACTION | |
| control field | 20211209080524.0 |
| 008 - FIXED-LENGTH DATA ELEMENTS--GENERAL INFORMATION | |
| fixed length control field | 161210s2001 bg ||||| |||| 00| 0 ben d |
| 035 ## - SYSTEM CONTROL NUMBER | |
| System control number | (BD-RjUL)57628 |
| 040 ## - CATALOGING SOURCE | |
| Original cataloging agency | BD-RjUL |
| Language of cataloging | ben |
| Transcribing agency | BD-RjUL |
| Modifying agency | BD-RjUL |
| 041 ## - LANGUAGE CODE | |
| Language code of text/sound track or separate title | ben |
| 082 ## - DEWEY DECIMAL CLASSIFICATION NUMBER | |
| Edition number | 23 |
| Classification number | 297.63 |
| Author mark and year | ALS 2001 |
| 100 ## - MAIN ENTRY--PERSONAL NAME | |
| Personal name | আল-গালিব, মুহাম্মাদ আসাদুল্লাহ |
| 9 (RLIN) | 127665 |
| 245 10 - TITLE STATEMENT | |
| Title | ছালাতুর রাসূল (ছাঃ) / |
| Statement of responsibility, etc. | মুহাম্মাদ আসাদুল্লাহ আল-গালিব |
| 250 ## - EDITION STATEMENT | |
| Edition statement | ২য় প্রকাশ |
| 260 ## - PUBLICATION, DISTRIBUTION, ETC. (IMPRINT) | |
| Place of publication, distribution, etc. | রাজশাহী : |
| Name of publisher, distributor, etc. | হাদীস ফাউন্ডেশন, |
| Date of publication, distribution, etc. | ২০০১ |
| 300 ## - PHYSICAL DESCRIPTION | |
| Pagination | ১৪৪ পৃ. ; |
| Size | ২১ সেমি. |
| 600 ## - SUBJECT ADDED ENTRY--PERSONAL NAME | |
| Personal name | মুহাম্মাদ (সাঃ), হযরত |
| Titles and other words associated with a name | Muhammad (sm), The Prophet |
| 942 ## - ADDED ENTRY ELEMENTS (KOHA) | |
| Source of classification or shelving scheme | Dewey Decimal Classification |
| Koha item type | Books |
| Lost status | Source of classification or shelving scheme | Damaged status | Not for loan | Collection code | Permanent Location | Current Location | Shelving location | Date acquired | Source of acquisition | Cost, normal purchase price | Total Checkouts | Full call number | Date last seen | Copy number | Koha item type |
|---|---|---|---|---|---|---|---|---|---|---|---|---|---|---|---|
| Dewey Decimal Classification | Not For Loan | Non-fiction | Central Library, University of Rajshahi | Central Library, University of Rajshahi | Reading Room | 28/02/2002 | Arabic dept. RU. | 30.00 | B 297.63 ALS 2001 | 10/12/2016 | C-1 | Books | |||
| Dewey Decimal Classification | Non-fiction | Central Library, University of Rajshahi | Central Library, University of Rajshahi | 28/02/2002 | Arabic Dept., RU | 30.00 | B 297.63 ALS 2001 | 24/04/2017 | C-2 | Books |